Transparentnosť obchodovania s finančnými nástrojmi bakalárska práca

Na minha lista:
Detalhes bibliográficos
Autor principal: Cisár, Dominik
Autor Corporativo: Národohospodárska fakulta EU. Katedra bankovníctva a medzinárodných financií
Outros Autores: Malacká, Viera
Formato: Livro
Idioma:eslovaco
Publicado em: Bratislava 2019
Tags: Adicionar Tag
Sem tags, seja o primeiro a adicionar uma tag!

MARC

LEADER 00000nbm a2200000 4500
001 0256474
005 20190729122019.3
041 0 |a slo 
044 |a SK 
245 1 0 |a Transparentnosť obchodovania s finančnými nástrojmi  |b bakalárska práca  |c Dominik Cisár ; školiteľ: Viera Malacká 
264 1 |a Bratislava  |c 2019 
300 |a 61 s. 
100 1 |a Cisár, Dominik 
700 1 |a Malacká, Viera 
710 2 |a Národohospodárska fakulta EU. Katedra bankovníctva a medzinárodných financií